[Event "Hajduszoboszlo op 2nd"]
[Site "Hajduszoboszlo"]
[Date "2024.02.10"]
[Round "5"]
[White "Csosz, Attila"]
[Black "Laszlo, Zoltan"]
[Result "1-0"]
[WhiteElo "1593"]
[BlackElo "1822"]
[PlyCount "131"]
[EventDate "2024.02.08"]
[EventType "swiss"]
[EventRounds "7"]
[EventCountry "HUN"]
[SourceTitle "CB08_2024"]
[SourceDate "2024.02.21"]
[SourceVersion "1"]
[SourceVersionDate "2024.02.21"]
[SourceQuality "1"]

1. d4 Nf6 2. Nf3 e6 3. Bg5 d5 4. Nbd2 c5 5. e4 dxe4 6. Nxe4 cxd4 7. Bxf6 gxf6 8. Qxd4 Qxd4 9. Nxd4 f5 10. Nf6+ Ke7 11. Nh5 a6 12. 0-0-0 Bh6+ 13. Kb1 e5 14. Nb3 Nc6 15. Bc4 Rg8 16. Rhg1 f4 17. Be2 Bf5 18. g4 Be6 19. h4 f6 20. Nc5 Nd4 21. Rxd4 exd4 22. Nxe6 Kxe6 23. Bc4+ Ke7 24. Re1+ Kd6 25. Nxf6 Rg6 26. Re6+ Kc5 27. Bd3 Rxf6 28. Rxf6 Re8 29. a3 Re1+ 30. Ka2 Bg7 31. Rxf4 h6 32. Rf7 Be5 33. Rxb7 Rg1 34. f3 Rg3 35. Rf7 a5 36. Be4 Rh3 37. Rf5 Kd6 38. h5 Rg3 39. Kb3 Rg1 40. Ka4 Rb1 41. b3 Ra1 42. f4 Bg7 43. Rxa5 Re1 44. Ra6+ Ke7 45. Bd3 Rg1 46. Rg6 Kf8 47. b4 Re1 48. b5 Re7 49. b6 Rf7 50. f5 Rd7 51. Kb4 Rb7 52. a4 Kg8 53. f6 Rxb6+ 54. Kc5 Rxf6 55. Rxf6 Bxf6 56. a5 Be5 57. a6 Bb8 58. Kb6 Kf7 59. a7 Bxa7+ 60. Kxa7 Kf6 61. Kb6 Kg5 62. Bf5 Kf4 63. Kc5 Ke5 64. Kc4 Kd6 65. Kxd4 Ke7 66. Ke5 1-0

[Event "HUN-chT2 Barcza 1617"]
[Site "Hungary"]
[Date "2016.12.11"]
[Round "6.10"]
[White "Laszlo, Zoltan"]
[Black "Ats, Laszlo Gyorgy"]
[Result "1-0"]
[WhiteElo "1966"]
[BlackElo "1963"]
[PlyCount "177"]
[EventDate "2016.09.25"]
[EventType "team-tourn"]
[EventRounds "11"]
[EventCountry "HUN"]
[SourceTitle "EXT 2021"]
[Source "ChessBase"]
[SourceDate "2020.10.23"]
[SourceVersion "1"]
[SourceVersionDate "2020.10.23"]
[SourceQuality "1"]
[WhiteTeam "Lillafured DVTK II"]
[BlackTeam "Debrecen Sakkbaratok"]
[WhiteTeamCountry "HUN"]
[BlackTeamCountry "HUN"]

1. e4 d5 2. exd5 Qxd5 3. Nc3 Qa5 4. d4 Nf6 5. Nf3 Bg4 6. h3 Bh5 7. Be3 e6 8. Bb5+ c6 9. Be2 Nbd7 10. 0-0 Bd6 11. Re1 0-0 12. a3 a6 13. Qd2 Rad8 14. Bf4 Qc7 15. Bxd6 Qxd6 16. Rad1 Nb6 17. Ng5 Bg6 18. Nf3 h6 19. Bd3 Bxd3 20. Qxd3 Qf4 21. Ne2 Qc7 22. Qb3 Nc8 23. Ng3 b5 24. c3 Nb6 25. Ne5 Rd5 26. Nd3 a5 27. Qc2 Rfd8 28. Qe2 Nbd7 29. Ne4 Nxe4 30. Qxe4 c5 31. Nf4 Rd6 32. Ne2 Nf6 33. Qe5 Nd7 34. Qg3 c4 35. Nf4 Nf6 36. Re5 b4 37. Rde1 bxa3 38. bxa3 Qb6 39. Rc5 Ne4 40. Rxe4 Qb1+ 41. Kh2 Qxe4 42. Rxa5 Rb6 43. Nh5 Qg6 44. Qc7 Rdb8 45. Qxc4 Rb2 46. Nf4 Qc2 47. Nd3 R2b3 48. Rc5 Rxa3 49. Rc7 Ra4 50. Qc6 Rf8 51. Nb4 Qb3 52. d5 exd5 53. Nxd5 Ra1 54. Ne7+ Kh7 55. Qe4+ Kh8 56. Qd4 Qb8 57. Ng6+ Kg8 58. Ne7+ Kh7 59. Qd7 Ra5 60. Nc6 Qb6 61. Nxa5 Qxa5 62. c4 Qe5+ 63. g3 f5 64. Rc8 Rxc8 65. Qxc8 f4 66. Qg4 fxg3+ 67. fxg3 Qb2+ 68. Kg1 Qc1+ 69. Kf2 Qd2+ 70. Qe2 Qd4+ 71. Kf3 Qf6+ 72. Kg2 Qc6+ 73. Kf2 Qc5+ 74. Kf1 Qf5+ 75. Kg2 Kg6 76. Qg4+ Qxg4 77. hxg4 Kf6 78. Kf3 Ke5 79. Ke3 g6 80. Kd3 Ke6 81. Kd4 h5 82. gxh5 gxh5 83. Ke4 Kd6 84. Kf5 Kc5 85. Kg5 Kxc4 86. Kxh5 Kd5 87. Kg6 Ke6 88. g4 Ke7 89. Kg7 1-0

[Event "Budapest FS03 FM"]
[Site "Budapest"]
[Date "2016.03.14"]
[Round "9"]
[White "Bensaid, Simon"]
[Black "Laszlo, Zoltan"]
[Result "1/2-1/2"]
[WhiteElo "1860"]
[BlackElo "2009"]
[PlyCount "20"]
[EventDate "2016.03.05"]
[EventType "tourn"]
[EventRounds "9"]
[EventCountry "HUN"]
[SourceTitle "CBM 171 Extra"]
[Source "ChessBase"]
[SourceDate "2016.04.26"]
[SourceVersion "1"]
[SourceVersionDate "2016.04.26"]
[SourceQuality "1"]

1. e4 c5 2. Nf3 e6 3. d4 cxd4 4. Nxd4 Nf6 5. Nc3 Nc6 6. Ndb5 Bb4 7. a3 Bxc3+ 8. Nxc3 d5 9. exd5 exd5 10. Bd3 0-0 1/2-1/2

[Event "Budapest FS03 FM"]
[Site "Budapest"]
[Date "2016.03.06"]
[Round "2"]
[White "Afshar, Niusha"]
[Black "Laszlo, Zoltan"]
[Result "1/2-1/2"]
[WhiteElo "1937"]
[BlackElo "2009"]
[PlyCount "51"]
[EventDate "2016.03.05"]
[EventType "tourn"]
[EventRounds "9"]
[EventCountry "HUN"]
[SourceTitle "CBM 171 Extra"]
[Source "ChessBase"]
[SourceDate "2016.04.26"]
[SourceVersion "1"]
[SourceVersionDate "2016.04.26"]
[SourceQuality "1"]

1. e4 c5 2. c3 d6 3. d4 Nf6 4. Bd3 e5 5. dxe5 dxe5 6. Nf3 Nc6 7. 0-0 Bd6 8. a4 0-0 9. Na3 Qe7 10. Nc4 Bg4 11. Bg5 Rad8 12. Ne3 Be6 13. Qc2 h6 14. Bh4 Rd7 15. Nd5 Qd8 16. Nxf6+ gxf6 17. h3 Kh7 18. Nh2 Rg8 19. Kh1 Be7 20. Rad1 Na5 21. Qe2 Bb3 22. Bc2 Bc4 23. Rxd7 Bxe2 24. Rxd8 Rxd8 25. Rc1 Rd2 26. f3 1/2-1/2

[Event "Budapest Art Pub Cup 7th"]
[Site "Budapest"]
[Date "2015.03.15"]
[Round "6"]
[White "Laszlo, Zoltan"]
[Black "Mako, Zoltan"]
[Result "0-1"]
[WhiteElo "2011"]
[BlackElo "1869"]
[PlyCount "80"]
[EventDate "2015.03.13"]
[EventType "swiss"]
[EventRounds "6"]
[EventCountry "HUN"]
[SourceTitle "CBM 165 Extra"]
[Source "ChessBase"]
[SourceDate "2015.04.21"]
[SourceVersion "1"]
[SourceVersionDate "2015.04.21"]
[SourceQuality "1"]

1. d4 Nf6 2. Nc3 g6 3. e4 d6 4. f4 Bg7 5. Nf3 0-0 6. Bd3 Nbd7 7. 0-0 c5 8. d5 a6 9. a4 Rb8 10. Qe2 e6 11. dxe6 fxe6 12. Ng5 Re8 13. Qf3 h6 14. Nxe6 Rxe6 15. Bc4 Nb6 16. Bxe6+ Bxe6 17. f5 Bc4 18. Rf2 g5 19. Be3 Nbd7 20. Rd1 Ne5 21. Qg3 Qf8 22. Rfd2 Ne8 23. b3 Bf7 24. Nd5 Bxd5 25. Rxd5 Nf6 26. Rxe5 dxe5 27. Qxe5 Re8 28. Qc7 Nxe4 29. Rd7 Qf6 30. g4 Qc3 31. Kg2 Be5 32. Qxb7 Qxe3 33. Qd5+ Kh8 34. Rh7+ Kxh7 35. Qf7+ Bg7 36. Qg6+ Kg8 37. Qxe8+ Bf8 38. Qe6+ Kh8 39. Qe5+ Kh7 40. Qc7+ Bg7 0-1

[Event "Budapest Art Pub Cup 7th"]
[Site "Budapest"]
[Date "2015.03.14"]
[Round "4"]
[White "Laszlo, Zoltan"]
[Black "Csajbok, Levente Tamas"]
[Result "1-0"]
[WhiteElo "2011"]
[BlackElo "1538"]
[PlyCount "63"]
[EventDate "2015.03.13"]
[EventType "swiss"]
[EventRounds "6"]
[EventCountry "HUN"]
[SourceTitle "CBM 165 Extra"]
[Source "ChessBase"]
[SourceDate "2015.04.21"]
[SourceVersion "1"]
[SourceVersionDate "2015.04.21"]
[SourceQuality "1"]

1. e4 e5 2. Nf3 Nc6 3. Nc3 Nf6 4. Bb5 Bc5 5. d3 d6 6. Na4 Bb6 7. Nxb6 cxb6 8. Bg5 h6 9. Be3 0-0 10. Qe2 a6 11. Bxc6 bxc6 12. h3 Re8 13. g4 Nh7 14. 0-0-0 a5 15. Rdg1 Re6 16. h4 a4 17. Rg3 b5 18. Rhg1 Qe8 19. Ne1 c5 20. g5 h5 21. Qxh5 g6 22. Qe2 Nf8 23. h5 a3 24. b3 Ba6 25. Rh1 c4 26. Kb1 Qd8 27. hxg6 Nxg6 28. Qh5 Qa5 29. Rf3 Re7 30. Qh7+ Kf8 31. Qxg6 Ke8 32. Qg8+ 1-0

[Event "Budapest Art Pub Cup 7th"]
[Site "Budapest"]
[Date "2015.03.14"]
[Round "3"]
[White "Markos, Adam"]
[Black "Laszlo, Zoltan"]
[Result "1-0"]
[WhiteElo "2126"]
[BlackElo "2011"]
[PlyCount "60"]
[EventDate "2015.03.13"]
[EventType "swiss"]
[EventRounds "6"]
[EventCountry "HUN"]
[SourceTitle "CBM 165 Extra"]
[Source "ChessBase"]
[SourceDate "2015.04.21"]
[SourceVersion "1"]
[SourceVersionDate "2015.04.21"]
[SourceQuality "1"]

1. c4 c5 2. g3 g6 3. Bg2 Bg7 4. Nf3 Nc6 5. 0-0 e5 6. Nc3 Nge7 7. Rb1 d6 8. a3 a5 9. Ne1 0-0 10. Nc2 Be6 11. Nd5 Bxd5 12. cxd5 Nd4 13. Nxd4 exd4 14. Qb3 Qc7 15. d3 a4 16. Qc2 Rfc8 17. b3 b5 18. bxa4 bxa4 19. Qc4 Rcb8 20. Bf4 h6 21. h4 Nc8 22. Rb5 Rxb5 23. Qxb5 Nb6 24. Rb1 Nd7 25. Qc6 Rc8 26. Bxd6 Qd8 27. Qxa4 Nb6 28. Qa6 Nd7 29. Bh3 Ra8 30. Qb7 Ne5 1-0

[Event "Budapest Art Pub Cup 7th"]
[Site "Budapest"]
[Date "2015.03.13"]
[Round "1"]
[White "Koltai, Daniel"]
[Black "Laszlo, Zoltan"]
[Result "0-1"]
[WhiteElo "1707"]
[BlackElo "2011"]
[PlyCount "58"]
[EventDate "2015.03.13"]
[EventType "swiss"]
[EventRounds "6"]
[EventCountry "HUN"]
[SourceTitle "CBM 165 Extra"]
[Source "ChessBase"]
[SourceDate "2015.04.21"]
[SourceVersion "1"]
[SourceVersionDate "2015.04.21"]
[SourceQuality "1"]

1. e4 c5 2. Nf3 e6 3. g3 Nc6 4. Bg2 Nf6 5. Qe2 Be7 6. 0-0 0-0 7. Rd1 d5 8. e5 Nd7 9. c3 b6 10. d4 Bb7 11. h4 h6 12. Bf4 Rc8 13. a3 cxd4 14. cxd4 Na5 15. Nbd2 Rc2 16. b4 Nb3 17. Rab1 Nxd2 18. Rxd2 Rc3 19. Rc2 Rxa3 20. Rbc1 Bxb4 21. Rc7 Ba6 22. Qb2 Ra4 23. Rxa7 Ba3 24. Qa1 b5 25. Rcc7 Bc5 26. Qxa4 bxa4 27. Rxd7 Bxa7 28. Rxa7 Qb6 29. Rd7 a3 0-1

[Event "HUN-chT2 Barcza 1213"]
[Site "Hungary"]
[Date "2012.09.16"]
[Round "1.7"]
[White "Laszlo, Zoltan"]
[Black "Adorjan, Attila"]
[Result "1/2-1/2"]
[WhiteElo "2029"]
[BlackElo "1990"]
[PlyCount "35"]
[EventDate "2012.09.16"]
[EventType "team-tourn"]
[EventRounds "11"]
[EventCountry "HUN"]
[SourceTitle "EXT 2014"]
[Source "ChessBase"]
[SourceDate "2013.11.20"]
[SourceVersion "1"]
[SourceVersionDate "2013.11.20"]
[SourceQuality "1"]
[WhiteTeam "Miskolc EMSE"]
[BlackTeam "Debrecen Sakkiskola"]
[WhiteTeamCountry "HUN"]
[BlackTeamCountry "HUN"]

1. e4 c6 2. Nc3 d5 3. Nf3 Bg4 4. h3 Bxf3 5. Qxf3 e6 6. d4 dxe4 7. Qxe4 Nf6 8. Qd3 Be7 9. Be2 0-0 10. Be3 Qa5 11. 0-0 Rd8 12. Rad1 Nbd7 13. Bf3 Qc7 14. Qe2 Nb6 15. Rfe1 Rd7 16. Ne4 Nxe4 17. Bxe4 Nd5 18. c3 1/2-1/2

[Event "HUN-chT2 Barcza 0809"]
[Site "Hungary"]
[Date "2009.02.22"]
[Round "8.2"]
[White "Kaman, Attila"]
[Black "Laszlo, Zoltan"]
[Result "0-1"]
[WhiteElo "2206"]
[BlackElo "2084"]
[PlyCount "47"]
[EventDate "2008.10.26"]
[EventType "team-tourn"]
[EventRounds "11"]
[EventCountry "HUN"]
[SourceTitle "EXT 2010"]
[Source "ChessBase"]
[SourceDate "2010.11.25"]
[SourceVersion "1"]
[SourceVersionDate "2010.11.25"]
[SourceQuality "1"]
[WhiteTeam "TEVA SE"]
[BlackTeam "Miskolc EMSE II"]
[WhiteTeamCountry "HUN"]
[BlackTeamCountry "HUN"]

1. d4 Nf6 2. c4 e6 3. Nf3 b6 4. a3 Bb7 5. Nc3 d5 6. Bg5 Be7 7. e3 0-0 8. Rc1 Nbd7 9. Bd3 dxc4 10. Bxc4 c5 11. 0-0 Rc8 12. dxc5 Rxc5 13. Bxf6 Bxf6 14. Na4 Bxf3 15. Qxf3 Rxc4 16. Rxc4 Ne5 17. Qe2 Nxc4 18. Qxc4 Qd7 19. Qb3 Qd5 20. Qc2 Rd8 21. h3 g6 22. Rc1 Qd2 23. Qxd2 Rxd2 24. Rc7 0-1

[Event "HUN-chT2 Maroczy 0809"]
[Site "Hungary"]
[Date "2008.11.02"]
[Round "2"]
[White "Kobal, Vladimir"]
[Black "Laszlo, Zoltan"]
[Result "1/2-1/2"]
[WhiteElo "2183"]
[BlackElo "2084"]
[PlyCount "57"]
[EventDate "2008.10.26"]
[EventType "team-tourn"]
[EventRounds "11"]
[EventCountry "HUN"]
[SourceTitle "EXT 2010"]
[Source "ChessBase"]
[SourceDate "2010.11.25"]
[SourceVersion "1"]
[SourceVersionDate "2010.11.25"]
[SourceQuality "1"]
[WhiteTeam "Munkacs"]
[BlackTeam "Miskolc EMSE"]
[WhiteTeamCountry "HUN"]
[BlackTeamCountry "HUN"]

1. e4 e6 2. d4 d5 3. exd5 exd5 4. Nf3 Nf6 5. Bd3 Bd6 6. Qe2+ Qe7 7. Qxe7+ Kxe7 8. 0-0 Re8 9. Bg5 h6 10. Bh4 g5 11. Bg3 Be6 12. Nbd2 Nbd7 13. Rfe1 Kf8 14. Nf1 Nh5 15. Ne3 Nf4 16. Bxf4 Bxf4 17. g3 Bxe3 18. Rxe3 Bg4 19. Rxe8+ Rxe8 20. Kg2 Re7 21. Ng1 Bh5 22. Kf1 Bg6 23. Bxg6 fxg6 24. Re1 Rxe1+ 25. Kxe1 Ke7 26. f3 Nb6 27. b3 Ke6 28. Ne2 Kf5 29. h3 1/2-1/2

[Event "HUN-chT2 Maroczy 0708"]
[Site "Hungary"]
[Date "2008.04.27"]
[Round "10"]
[White "Laszlo, Zoltan"]
[Black "Borsos, Andor"]
[Result "1/2-1/2"]
[WhiteElo "2087"]
[BlackElo "2143"]
[PlyCount "109"]
[EventDate "2007.10.14"]
[EventType "team"]
[EventRounds "11"]
[EventCountry "HUN"]
[SourceTitle "EXT 2009"]
[Source "ChessBase"]
[SourceDate "2008.11.26"]
[SourceVersion "1"]
[SourceVersionDate "2008.11.26"]
[SourceQuality "1"]
[WhiteTeam "Miskolc EMSE"]
[BlackTeam "Koszolg"]
[WhiteTeamCountry "HUN"]
[BlackTeamCountry "HUN"]

1. e4 e5 2. Nf3 Nc6 3. Nc3 Bc5 4. Nxe5 Bxf2+ 5. Kxf2 Nxe5 6. d4 Nc6 7. Be3 Nh6 8. Bb5 Qf6+ 9. Qf3 Ng4+ 10. Ke2 Qg6 11. Nd5 Nxe3 12. Kxe3 0-0 13. Bxc6 Qh6+ 14. Qf4 Qxf4+ 15. Kxf4 bxc6 16. Ne7+ Kh8 17. Nxc8 Raxc8 18. Rhf1 Rb8 19. b3 Rbe8 20. Rae1 Re6 21. d5 Rf6+ 22. Kg3 Rg6+ 23. Kh3 Kg8 24. Re3 Re8 25. Rfe1 Re5 26. g3 Kf8 27. Kg2 Ke7 28. c4 Kd6 29. Rf3 Re7 30. Ref1 Rxe4 31. dxc6 Kxc6 32. Rxf7 a5 33. R1f5 Re2+ 34. Rf2 Rxf2+ 35. Rxf2 Rf6 36. Re2 h6 37. Re7 g6 38. Re5 Kb6 39. Rb5+ Ka6 40. Rd5 d6 41. c5 dxc5 42. Rxc5 Kb6 43. Rc2 c5 44. h4 h5 45. Rd2 Kb5 46. Rd8 Rb6 47. Kf3 a4 48. bxa4+ Kxa4 49. Ke3 c4 50. Kd2 Kb4 51. Ra8 Rd6+ 52. Kc2 Rd3 53. Rb8+ Ka5 54. Rc8 Kb5 55. Rb8+ 1/2-1/2

[Event "HUN-chT2 Maroczy 0708"]
[Site "Hungary"]
[Date "2008.03.02"]
[Round "7"]
[White "Laszlo, Zoltan"]
[Black "Frink, Szabolcs"]
[Result "1/2-1/2"]
[WhiteElo "2087"]
[BlackElo "2089"]
[PlyCount "28"]
[EventDate "2007.10.14"]
[EventType "team"]
[EventRounds "11"]
[EventCountry "HUN"]
[SourceTitle "EXT 2009"]
[Source "ChessBase"]
[SourceDate "2008.11.26"]
[SourceVersion "1"]
[SourceVersionDate "2008.11.26"]
[SourceQuality "1"]
[WhiteTeam "Miskolc EMSE"]
[BlackTeam "Salgotarjan"]
[WhiteTeamCountry "HUN"]
[BlackTeamCountry "HUN"]

1. e4 c5 2. Nf3 Nc6 3. c4 d6 4. d4 cxd4 5. Nxd4 e5 6. Nf3 h6 7. Nc3 Nf6 8. Be2 Be7 9. 0-0 0-0 10. Be3 Ng4 11. Qd2 Nxe3 12. Qxe3 f5 13. Rad1 f4 14. Qd2 Be6 1/2-1/2

[Event "HUN-chT2 Maroczy 0607"]
[Site "Hungary"]
[Date "2007.05.06"]
[Round "10"]
[White "Bernath, Robert"]
[Black "Laszlo, Zoltan"]
[Result "0-1"]
[WhiteElo "2155"]
[BlackElo "2093"]
[PlyCount "120"]
[EventDate "2006.11.12"]
[EventType "team"]
[EventRounds "11"]
[EventCountry "HUN"]
[SourceTitle "EXT 2008"]
[Source "ChessBase"]
[SourceDate "2007.11.25"]
[SourceVersion "1"]
[SourceVersionDate "2007.11.25"]
[SourceQuality "1"]
[WhiteTeam "Maroczy"]
[BlackTeam "Miskolc EMSE"]
[WhiteTeamCountry "HUN"]
[BlackTeamCountry "HUN"]

1. e4 e6 2. d4 d5 3. Nc3 dxe4 4. Nxe4 Nd7 5. Nf3 Ngf6 6. Bg5 Be7 7. Nxf6+ Bxf6 8. Bxf6 Nxf6 9. Bd3 0-0 10. Qe2 Qd5 11. 0-0 b6 12. Bc4 Qh5 13. Qe5 Bb7 14. Qxh5 Nxh5 15. Ne5 Nf4 16. f3 Rfd8 17. Rad1 Rd6 18. c3 Rad8 19. g3 Ng6 20. Be2 Kf8 21. f4 c5 22. Nxg6+ hxg6 23. dxc5 bxc5 24. Rxd6 Rxd6 25. Rd1 Ke7 26. Rxd6 Kxd6 27. Kf2 e5 28. Ke3 Bd5 29. a3 c4 30. h4 f6 31. Bd1 Be6 32. Bc2 Bf5 33. Ba4 Be6 34. Be8 Bf5 35. Bf7 Kc5 36. fxe5 fxe5 37. Be8 Bc2 38. Bd7 Bf5 39. Ba4 Kd5 40. Bd1 Kc5 41. Bf3 Bc2 42. g4 a5 43. g5 Kd6 44. Kd2 Bf5 45. Bd1 Kc5 46. Ba4 Kd5 47. Ke3 Kc5 48. Be8 Kd5 49. Bf7+ Kc5 50. Bg8 Kb5 51. a4+ Kc5 52. Bh7 Bd3 53. Kd2 Kb6 54. b4 cxb3 55. Kc1 Bc2 56. Kb2 Kc5 57. Bg8 e4 58. Be6 e3 59. Bg4 Kc4 60. h5 gxh5 0-1

[Event "HUN-chT2 Maroczy 0607"]
[Site "Hungary"]
[Date "2006.12.03"]
[Round "3"]
[White "Csvila, Gabor"]
[Black "Laszlo, Zoltan"]
[Result "1/2-1/2"]
[WhiteElo "2138"]
[BlackElo "2093"]
[PlyCount "89"]
[EventDate "2006.11.12"]
[EventType "team"]
[EventRounds "11"]
[EventCountry "HUN"]
[SourceTitle "EXT 2008"]
[Source "ChessBase"]
[SourceDate "2007.11.25"]
[SourceVersion "1"]
[SourceVersionDate "2007.11.25"]
[SourceQuality "1"]
[WhiteTeam "Koeszolg"]
[BlackTeam "Miskolc EMSE"]
[WhiteTeamCountry "HUN"]
[BlackTeamCountry "HUN"]

1. d4 Nf6 2. c4 e6 3. Nc3 Bb4 4. Qc2 d5 5. cxd5 exd5 6. Bg5 c6 7. a3 Bxc3+ 8. Qxc3 Ne4 9. Bxd8 Nxc3 10. bxc3 Kxd8 11. e3 Bf5 12. Nf3 Nd7 13. c4 Ke7 14. a4 f6 15. a5 dxc4 16. Bxc4 b5 17. axb6 axb6 18. Kd2 Kd6 19. Bd3 Bxd3 20. Kxd3 b5 21. Nd2 c5 22. Ne4+ Kd5 23. Nxc5 Nxc5+ 24. dxc5 Kxc5 25. Rhc1+ Kb6 26. Kc3 Rxa1 27. Rxa1 Rc8+ 28. Kb3 Rd8 29. Ra2 Rd1 30. Re2 Rb1+ 31. Kc2 Ra1 32. Kb2 Rh1 33. h3 Rg1 34. f3 Kc5 35. Kb3 Rb1+ 36. Kc2 Ra1 37. Kb2 Rg1 38. Kb3 Rb1+ 39. Kc2 Ra1 40. Kb2 Rg1 41. Kb3 Rb1+ 42. Kc2 Ra1 43. Kb2 Rd1 44. Kc2 Ra1 45. Kb2 1/2-1/2

[Event "HUN-chT2 Maroczy 0607"]
[Site "Hungary"]
[Date "2006.11.26"]
[Round "2"]
[White "Ecsedi, Sandor"]
[Black "Laszlo, Zoltan"]
[Result "1/2-1/2"]
[WhiteElo "2086"]
[BlackElo "2093"]
[PlyCount "75"]
[EventDate "2006.11.12"]
[EventType "team"]
[EventRounds "11"]
[EventCountry "HUN"]
[SourceTitle "EXT 2008"]
[Source "ChessBase"]
[SourceDate "2007.11.25"]
[SourceVersion "1"]
[SourceVersionDate "2007.11.25"]
[SourceQuality "1"]
[WhiteTeam "Teva"]
[BlackTeam "Miskolc EMSE"]
[WhiteTeamCountry "HUN"]
[BlackTeamCountry "HUN"]

1. e4 c5 2. Nf3 Nc6 3. d4 cxd4 4. Nxd4 g6 5. Nc3 Bg7 6. Be3 Nf6 7. Be2 0-0 8. 0-0 d5 9. exd5 Nxd5 10. Nxd5 Qxd5 11. Bf3 Qc4 12. Nxc6 bxc6 13. b3 Qc3 14. Rc1 Ba6 15. Be2 Rfd8 16. Qe1 Qxe1 17. Rfxe1 Bxe2 18. Rxe2 Bb2 19. Rb1 Bc3 20. Bc5 e6 21. Re3 Bd4 22. Bxd4 Rxd4 23. Rbe1 Rad8 24. f3 Rd2 25. R1e2 Rd1+ 26. Kf2 Kf8 27. Rc3 R8d6 28. Rc5 Ke7 29. Ra5 Rd7 30. Ra6 Kd6 31. b4 Kd5 32. a3 Rc7 33. f4 Kc4 34. Ra5 Rd5 35. Re5 Rd2+ 36. Re2 Rd5 37. Re5 Rd2+ 38. Re2 1/2-1/2